000 00384nam a2200157Ia 4500
008 230917s9999||||xx |||||||||||||| ||und||
020 _cFL34
040 _e592
_aMAIN
041 _aEnglish
082 _a616.8554 R44P
100 _aRieber, R W. ed
245 0 _aProblem of stuttering: theory and therapy
260 _aNew York
_bElsevier
_c1977
300 _a211 p.
942 _cBK
999 _c217522
_d217522